LEADER 01110aam a2200277 i 4500 001 991000501299707536 008 091218s 000 0 ita d 020 $a9788815127891 035 $ab13866734-39ule_inst 040 $aDip.to Filologia Ling. e Lett.$bita 100 1 $aAlbano Leoni, Federico$0144407 245 10$aDei suoni e dei sensi :$bil volto fonico delle parole /$cFederico Albano Leoni 260 $aBologna :$bIl Mulino,$cc2009 300 $a242 p. ;$c22 cm. 440 0$aSaggi (Il mulino) ;$v709 504 $aCon bibliografia (p. 195-233) e indice 650 4$aFonologia 650 04$aLingua parlata$xFonetica 650 04$aLinguistica strutturale 907 $a.b13866734$b28-01-14$c18-12-09 912 $a991000501299707536 945 $aLE008 FL.M. (SCL) D 93$g1$i2008000420659$lle008$o-$pE0.00$q-$rl$s- $t0$u0$v0$w0$x0$y.i15051419$z18-12-09 945 $aLE012 414 ALB 2$g1$i2012000449480$lle012$o-$pE0.00$q-$rl$s- $t0$u1$v0$w1$x0$y.i15319726$z19-09-11 996 $aDei suoni e dei sensi$9231549 997 $aUNISALENTO 998 $ale008$ale012$b18-12-09$cm$da $e-$fita$git $h0$i0